Kabale University Library Catalogue

2025 statutory appendix and case supplement to Cox, Bok & Gorman's labor law : (Record no. 6156)

MARC details
000 -LEADER
fixed length control field 00760cam a2200205 i 4500
005 - DATE AND TIME OF LATEST TRANSACTION
control field 20260305211433.0
008 - FIXED-LENGTH DATA ELEMENTS--GENERAL INFORMATION
fixed length control field 221024s2021 mnu b 001 0 eng
020 ## - INTERNATIONAL STANDARD BOOK NUMBER
International Standard Book Number 9798895453278
040 ## - CATALOGING SOURCE
Original cataloging agency KABLIB
Language of cataloging eng
Description conventions rda
Transcribing agency KABLIB
082 ## - DEWEY DECIMAL CLASSIFICATION NUMBER
Edition number 23
Classification number 344.7301
Item number FIN
100 1# - MAIN ENTRY--PERSONAL NAME
Personal name Finkin, Matthew W.,
Relator term author.
9 (RLIN) 15630
245 10 - TITLE STATEMENT
Title 2025 statutory appendix and case supplement to Cox, Bok & Gorman's labor law :
Remainder of title cases and materials /
Statement of responsibility, etc. Matthew W. Finkin, Timothy P. Glynn
250 ## - EDITION STATEMENT
Edition statement 18th ed.
260 ## - PUBLICATION, DISTRIBUTION, ETC.
Place of publication, distribution, etc. Eagan :
Name of publisher, distributor, etc. Foundation Press,
Date of publication, distribution, etc. c2024
300 ## - PHYSICAL DESCRIPTION
Extent vii, 197 p. ;
Dimensions 26 cm.
490 0# - SERIES STATEMENT
Series statement University casebook series
650 #0 - SUBJECT ADDED ENTRY--TOPICAL TERM
Topical term or geographic name entry element Labor laws and legislation
Geographic subdivision United States
Form subdivision Cases.
9 (RLIN) 12365
700 1# - ADDED ENTRY--PERSONAL NAME
Personal name Glynn, Timothy P.,
Dates associated with a name 1967-
Relator term author.
9 (RLIN) 15631
942 ## - ADDED ENTRY ELEMENTS (KOHA)
Source of classification or shelving scheme Dewey Decimal Classification
Koha item type Book
Holdings
Withdrawn status Lost status Source of classification or shelving scheme Damaged status Not for loan Home library Current library Shelving location Date acquired Source of acquisition Total Checkouts Full call number Barcode Date last seen Price effective from Koha item type
    Dewey Decimal Classification     Law section Law section Open Access Section 05.03.2026 Purchased   344.7301 FIN 14728 05.03.2026 05.03.2026 Book
    Dewey Decimal Classification     Law section Law section Open Access Section 05.03.2026 Purchased   344.7301 FIN 14729 05.03.2026 05.03.2026 Book
    Dewey Decimal Classification     Law section Law section Reserve Section 05.03.2026 Purchased   344.7301 FIN 14730 05.03.2026 05.03.2026 Book

Kabale University Library | Kabale University P.O Box 317, Kabale, Uganda
Tel : +256754017033, +256774661503 E-mail : library@kab.ac.ug